000 00856nam a2200229 u 4500
001 000361443
003 AM-YeHGA
005 20250617131554.0
008 040916s1984 ||| r 000 0 rus d
040 _aAM-YeHGA
041 1 _arus
_hspa
100 1 _aБорхес, Хорхе Луис
245 1 0 _aЮг :
_bРассказы /
_cХорхе Луис Борхес; Пер. с исп. и сост. М. Былинкиной; Предисл. И. Тертерян.
260 _aМосква :
_bИзвестия,
_c1984.
300 _a175 с.
_bил.
440 0 _aБ-ка журнала "Иностранная литература"
653 0 _aЗарубежная литература
700 1 _aБылинкина, М.
_eпер.
_4trl
700 1 _aТертерян, И.
_eавт. предисл.
_4aui
942 _2udc
_cBK
090 _c139709
999 _c138334
_d138334